00792nam a2200205 a 450000100100000000500170001000800410002702000150006804000250008310000350010824500900014326000720023330000210030549000200032650000730034650400320041971000610045171000540051283000200056600003933920201002031613.0130624s1997 dr 000 0 spa d a8400076818 aDO-SdBNPbspacBNPHU1 aZamora López, José Ángel10aSobre el modo de producción asiático en Ugarit /cZamora López, José Ángel. aMadrid :bConsejo Superior de Investigaciones Científicas,c1997. a189 p. ;c26 cm.1 aMonografíav2 aIncluye referencias bibliográficas y notas al pie de las páginas aBibliografía : p. 159-1772 aBanco de Datos Folológicos Semíticos Noroccidentales2 aConsejo Superior de Investigaciones Científicas 0aMonografíav2